UM Logo

Artificial intelligence for audit, forensic accounting, and valuation : (Record no. 16649)

MARC details
000 -LEADER
fixed length control field 02863cam a22003618i 4500
001 - CONTROL NUMBER
control field 21536511
005 - DATE AND TIME OF LATEST TRANSACTION
control field 20220303152522.0
008 - FIXED-LENGTH DATA ELEMENTS--GENERAL INFORMATION
fixed length control field 200519s2020 nju 001 0 eng
010 ## - LIBRARY OF CONGRESS CONTROL NUMBER
LC control number 2020021960
020 ## - INTERNATIONAL STANDARD BOOK NUMBER
International Standard Book Number 9781119601883
020 ## - INTERNATIONAL STANDARD BOOK NUMBER
Canceled/invalid ISBN 9781119601913
020 ## - INTERNATIONAL STANDARD BOOK NUMBER
Canceled/invalid ISBN 9781119601937
040 ## - CATALOGING SOURCE
Original cataloging agency DLC
Language of cataloging eng
Description conventions rda
Transcribing agency DLC
042 ## - AUTHENTICATION CODE
Authentication code pcc
050 00 - LIBRARY OF CONGRESS CALL NUMBER
Classification number HF5667.12
Item number .N37 2020
082 00 - DEWEY DECIMAL CLASSIFICATION NUMBER
Classification number DC 658.028563
Edition number 2020
Item number N163
100 1# - MAIN ENTRY--PERSONAL NAME
Personal name Naqvi, Ali S.,
Dates associated with a name 1968-
Relator term author.
9 (RLIN) 44407
245 10 - TITLE STATEMENT
Title Artificial intelligence for audit, forensic accounting, and valuation :
Remainder of title a strategic perspective /
Statement of responsibility, etc. Ali S. Naqvi.
250 ## - EDITION STATEMENT
Edition statement First edition.
260 ## - PUBLICATION, DISTRIBUTION, ETC. (IMPRINT)
Place of publication, distribution, etc. Hoboken, New Jersey :
Name of publisher, distributor, etc. John Wiley & Sons, Inc.,
Date of publication, distribution, etc. ©2020.
263 ## - PROJECTED PUBLICATION DATE
Projected publication date 2008
300 ## - PHYSICAL DESCRIPTION
Extent xiii, 306 pages :
Other physical details illustrations ;
Dimensions 23 cm.
500 ## - GENERAL NOTE
General note Includes index.
520 ## - SUMMARY, ETC.
Summary, etc. "With significant and disruptive automation underway, accounting and auditing professions must rediscover themselves. The automation is permanently changing how services are developed and delivered. Due to the advent of highly cost-effective automated models that greatly outperform traditional auditing and forensic accounting, customers are demanding audit and accounting firms to automate. In this unsettling world dominated by "creative destruction", only those firms and professionals will survive and thrive who know how to adapt and innovate. At the center of all innovation are two revolutionary technologies: artificial intelligence and blockchain. The rise of artificial intelligence technology provides limitless opportunities for those who know how to adapt. Firms need a comprehensive framework for intelligent automation centric modernization. This book delivers a comprehensive framework to transform legacy firms into modern accounting and audit services firms. It provides a big picture view of building firmwide capabilities using artificial intelligence and empowers professionals by explaining: How artificial intelligence is the most important competitive advantage of modern audit and accounting firms. What is artificial intelligence and how it is being used in the industry How to compete effectively in the new age of accounting and audit. How to build your firm around artificial intelligence What are the governance challenges of AI How to deliver results with artificial intelligence"--
650 #0 - SUBJECT ADDED ENTRY--TOPICAL TERM
Topical term or geographic name as entry element Auditing
General subdivision Data processing.
9 (RLIN) 44408
650 #0 - SUBJECT ADDED ENTRY--TOPICAL TERM
Topical term or geographic name as entry element Forensic accounting.
9 (RLIN) 38443
650 #0 - SUBJECT ADDED ENTRY--TOPICAL TERM
Topical term or geographic name as entry element Valuation.
9 (RLIN) 44409
650 #0 - SUBJECT ADDED ENTRY--TOPICAL TERM
Topical term or geographic name as entry element Artificial intelligence.
9 (RLIN) 44410
776 08 - ADDITIONAL PHYSICAL FORM ENTRY
Relationship information Online version:
Main entry heading Naqvi, Ali S., 1968-
Title Artificial intelligence for audit, forensic accounting, and valuation
Edition First edition.
Place, publisher, and date of publication Hoboken : Wiley, 2020.
International Standard Book Number 9781119601913
Record control number (DLC) 2020021961
906 ## - LOCAL DATA ELEMENT F, LDF (RLIN)
a 7
b cbc
c orignew
d 1
e ecip
f 20
g y-gencatlg
942 ## - ADDED ENTRY ELEMENTS (KOHA)
Source of classification or shelving scheme Dewey Decimal Classification
Koha item type Circulation
Holdings
Withdrawn status Lost status Source of classification or shelving scheme Damaged status Not for loan Collection code Home library Current library Shelving location Date acquired Source of acquisition Cost, normal purchase price Total Checkouts Full call number Barcode Date last seen Date last checked out Price effective from Koha item type
    Dewey Decimal Classification     Circulation UM Digos College - LIC UM Digos College - LIC Book Cart 02/10/2022 Purchased 4496.00 1 DC 658.028563 N163 2020 26392 05/15/2025 08/15/2024 03/03/2022 Circulation